Statistics for Biggest Two-Word City by State

Click here to take the quiz!

General Stats

  • This quiz has been taken 53 times
    (39 since last reset)
  • The average score is 19 of 50

Answer Stats

StateCity% Correct
LouisianaNew Orleans
100%
ArkansasLittle Rock
94%
CaliforniaLos Angeles
94%
New YorkNew York
94%
ColoradoColorado Springs
90%
MissouriKansas City
90%
IowaDes Moines
87%
NevadaLas Vegas
87%
OklahomaOklahoma City
87%
MinnesotaSaint Paul
87%
TexasSan Antonio
84%
New JerseyJersey City
81%
VirginiaVirginia Beach
77%
MichiganGrand Rapids
68%
IndianaFort Wayne
61%
South DakotaSioux Falls
61%
ConnecticutNew Haven
55%
New MexicoLas Cruces
52%
FloridaSaint Petersburg
48%
WisconsinGreen Bay
45%
IdahoIdaho Falls
39%
KansasOverland Park
39%
KentuckyBowling Green
29%
UtahWest Jordan
29%
NebraskaGrand Island
26%
MontanaGreat Falls
26%
Rhode IslandEast Providence
23%
South CarolinaNorth Charleston
23%
HawaiiPearl City
23%
North DakotaGrand Forks
19%
GeorgiaSandy Springs
19%
WashingtonSpokane Valley
19%
MassachusettsNew Bedford
16%
North CarolinaHigh Point
13%
VermontSouth Burlington
13%
MaineSouth Portland
13%
ArizonaCasa Grande
10%
WyomingRock Springs
10%
MarylandCollege Park
6%
OhioCuyahoga Falls
3%
OregonLake Oswego
3%
West VirginiaSouth Charleston
3%
AlaskaEagle River
0%
TennesseeEast Chattanooga
0%
New HampshireEast Concord
0%
PennsylvaniaNew Castle
0%
DelawareNew Castle
0%
IllinoisNorth Peoria
0%
AlabamaVestavia Hills
0%
MississippiWest Gulfport
0%

Score Distribution

Percentile by Number Answered

Percent of People with Each Score

Your Score History

You have not taken this quiz since the last reset